| 000 | 00367nam a2200145Ia 4500 | ||
|---|---|---|---|
| 005 | 20251222142016.0 | ||
| 008 | 251222s9999||||xx |||||||||||||| ||spa|| | ||
| 020 | _a9788499899817 | ||
| 082 | _a853.914/E21/2013 | ||
| 100 | _aEco, Humberto | ||
| 245 | 0 | _aEl Cementerio de Praga | |
| 250 | _a2da.ed. | ||
| 264 | _bRandom House Mondadori Editores, S.A. | ||
| 942 | _cLIB | ||
| 999 |
_c10483 _d10483 |
||